[Event "Barcelona Sants op 19th"]
[Site "Barcelona"]
[Date "2017.08.22"]
[Round "5"]
[White "Sundararajan, Kidambi"]
[Black "Addison, Bret"]
[Result "1-0"]
[WhiteElo "2422"]
[BlackElo "2219"]
[PlyCount "127"]
[EventDate "2017.08.18"]
[EventType "swiss"]
[EventRounds "10"]
[EventCountry "ESP"]
[SourceTitle "CBM 180 Extra"]
[Source "ChessBase"]
[SourceDate "2017.10.06"]
[SourceVersion "1"]
[SourceVersionDate "2017.10.06"]
[SourceQuality "1"]

1. Nf3 d5 2. e3 c6 3. c4 g6 4. Nc3 Bg7 5. d4 Nf6 6. Be2 0-0 7. 0-0 a6 8. b3 Ne4 9. Bb2 Nxc3 10. Bxc3 Nd7 11. Rc1 b6 12. a4 Bb7 13. cxd5 cxd5 14. Bd3 Re8 15. Rc2 e5 16. dxe5 Nxe5 17. Nxe5 Bxe5 18. Bxe5 Rxe5 19. Be2 Qd6 20. Bf3 Qb4 21. Rc7 Re7 22. Qc2 Rd8 23. Rd1 Rdd7 24. Rxd7 Rxd7 25. h3 Qc5 26. Qb2 a5 27. Qe5 Qe7 28. Qf4 Qd6 29. Qd4 Qc5 30. Qf4 Qe7 31. Rd4 Qe6 32. Qg5 Qe7 33. Qxe7 Rxe7 34. Bxd5 Bxd5 35. Rxd5 Re6 36. g4 h6 37. Kg2 Kg7 38. h4 Rc6 39. Kg3 Kf6 40. Rb5 Ke6 41. h5 g5 42. Kf3 f6 43. Ke4 Rd6 44. f3 Rc6 45. f4 Rd6 46. fxg5 fxg5 47. Re5+ Kf6 48. Rd5 Rc6 49. Rd7 Re6+ 50. Kd4 Rc6 51. Rh7 Rd6+ 52. Ke4 Re6+ 53. Kd5 Rxe3 54. Rxh6+ Kf7 55. Rxb6 Rg3 56. Ke5 Rxg4 57. Rb7+ Kg8 58. Kf5 Rd4 59. Kxg5 Rd5+ 60. Kg4 Rd4+ 61. Kf3 Rh4 62. Rb5 Kh7 63. Ke2 Kh6 64. Rxa5 1-0

[Event "Ortisei Server24 op 3rd"]
[Site "Ortisei"]
[Date "2016.06.11"]
[Round "9"]
[White "Blohberger, Felix"]
[Black "Addison, Bret"]
[Result "0-1"]
[WhiteElo "2300"]
[BlackElo "2180"]
[PlyCount "98"]
[EventDate "2016.06.04"]
[EventType "swiss"]
[EventRounds "9"]
[EventCountry "ITA"]
[SourceTitle "CBM 172 Extra"]
[Source "ChessBase"]
[SourceDate "2016.06.21"]
[SourceVersion "1"]
[SourceVersionDate "2016.06.21"]
[SourceQuality "1"]

1. d4 d5 2. Bf4 c6 3. e3 g6 4. c4 e6 5. Nc3 Bg7 6. Nf3 Nh6 7. Bd3 0-0 8. h4 f6 9. Qc2 Na6 10. a3 Nf7 11. cxd5 cxd5 12. Bxg6 hxg6 13. Qxg6 Nh8 14. Qd3 f5 15. h5 Nf7 16. h6 Bf6 17. g4 Kh8 18. Rh5 Rg8 19. gxf5 exf5 20. 0-0-0 Be6 21. Rxf5 Bxf5 22. Qxf5 Rc8 23. Kb1 Nc7 24. Qh5 Qd7 25. Rc1 Qe6 26. Rc2 b5 27. b4 a6 28. Kb2 Nd6 29. Bxd6 Qxd6 30. Ne2 Ne6 31. Qf5 Rxc2+ 32. Kxc2 Rf8 33. Qg4 Qc7+ 34. Kd2 Qf7 35. Qf5 Be7 36. Qe5+ Qf6 37. Qxd5 Qxf3 38. Qxe6 Qf6 39. Qe4 Bd6 40. f4 Qxh6 41. Qd5 Re8 42. Kd3 Qh3 43. Ng3 Bxf4 44. Nf5 Bxe3 45. Ng3 Bf4 46. Qh5+ Qxh5 47. Nxh5 Bg5 48. d5 Re3+ 49. Kd4 Rh3 0-1

[Event "GBR-ch 97th"]
[Site "Canterbury"]
[Date "2010.07.29"]
[Round "4"]
[White "Jackson, James P"]
[Black "Addison, Bret"]
[Result "1-0"]
[WhiteElo "2135"]
[BlackElo "2235"]
[PlyCount "99"]
[EventDate "2010.07.26"]
[EventType "swiss"]
[EventRounds "11"]
[EventCountry "ENG"]
[SourceTitle "CBM 137 Extra"]
[Source "ChessBase"]
[SourceDate "2010.09.01"]
[SourceVersion "1"]
[SourceVersionDate "2010.09.01"]
[SourceQuality "1"]

1. e4 e5 2. Nf3 Nc6 3. Bb5 a6 4. Ba4 Nf6 5. 0-0 Be7 6. Re1 b5 7. Bb3 0-0 8. h3 Bb7 9. d3 d6 10. a3 Na5 11. Ba2 c5 12. Nc3 Nc6 13. Ne2 Bc8 14. Ng3 Be6 15. Bxe6 fxe6 16. c3 Qd7 17. a4 b4 18. d4 exd4 19. cxd4 c4 20. d5 exd5 21. exd5 Na5 22. Nd4 Rf7 23. Ne6 Qb7 24. Ng5 Qxd5 25. Nxf7 Kxf7 26. Qe2 Re8 27. Be3 Nb3 28. Rad1 Qe6 29. Qc2 d5 30. Bg5 Qc6 31. Bxf6 Bxf6 32. Rxe8 Kxe8 33. Qxh7 Kf7 34. Nf5 Qe6 35. Qh5+ Kf8 36. Qf3 d4 37. g4 c3 38. bxc3 bxc3 39. Qd3 Qc6 40. Ng3 c2 41. Qxb3 cxd1Q+ 42. Qxd1 Qc4 43. Nf1 Qc3 44. Kg2 a5 45. Qf3 Ke7 46. Qd5 d3 47. Ne3 g6 48. Qe4+ Kf7 49. Nd5 Qb3 50. Qf3 1-0

[Event "GBR-ch 97th"]
[Site "Canterbury"]
[Date "2010.07.27"]
[Round "2"]
[White "Cumming, Rhys"]
[Black "Addison, Bret"]
[Result "1/2-1/2"]
[WhiteElo "1986"]
[BlackElo "2235"]
[PlyCount "27"]
[EventDate "2010.07.26"]
[EventType "swiss"]
[EventRounds "11"]
[EventCountry "ENG"]
[SourceTitle "CBM 137 Extra"]
[Source "ChessBase"]
[SourceDate "2010.09.01"]
[SourceVersion "1"]
[SourceVersionDate "2010.09.01"]
[SourceQuality "1"]

1. e4 e5 2. Nf3 Nc6 3. d4 exd4 4. Nxd4 Nf6 5. Nxc6 bxc6 6. e5 Qe7 7. Qe2 Nd5 8. c4 Ba6 9. b3 0-0-0 10. Qe4 Nf6 11. Qe2 Nd5 12. Qe4 Nf6 13. Qe2 Nd5 14. Qe4 1/2-1/2

[Event "Hastings Masters op 85th"]
[Site "Hastings"]
[Date "2009.12.31"]
[Round "4"]
[White "Addison, Bret"]
[Black "Muheim, Sebastien"]
[Result "0-1"]
[WhiteElo "2258"]
[BlackElo "2040"]
[PlyCount "56"]
[EventDate "2009.12.28"]
[EventType "swiss"]
[EventRounds "9"]
[EventCountry "ENG"]
[SourceTitle "CBM 134 Extra"]
[Source "ChessBase"]
[SourceDate "2010.03.03"]
[SourceVersion "1"]
[SourceVersionDate "2010.03.03"]
[SourceQuality "1"]

1. d4 f5 2. g3 Nf6 3. Bg2 g6 4. Nf3 Bg7 5. 0-0 0-0 6. c4 d6 7. Nc3 Qe8 8. Re1 Qf7 9. e4 Nxe4 10. Nxe4 fxe4 11. Rxe4 Nc6 12. Be3 h6 13. Qd2 Bf5 14. Rh4 g5 15. Bxg5 hxg5 16. Nxg5 Qf6 17. g4 Bd7 18. Re1 Nxd4 19. Re4 c6 20. Rh5 e5 21. f4 Bxg4 22. fxe5 dxe5 23. Rxg4 Qg6 24. Rxd4 exd4 25. Qd1 Rae8 26. h4 d3 27. Rh7 d2 28. Qxd2 Qb1+ 0-1

[Event "Hastings Masters op 85th"]
[Site "Hastings"]
[Date "2009.12.29"]
[Round "2"]
[White "Addison, Bret"]
[Black "Cafferty, Bernard"]
[Result "1/2-1/2"]
[WhiteElo "2258"]
[BlackElo "2141"]
[PlyCount "49"]
[EventDate "2009.12.28"]
[EventType "swiss"]
[EventRounds "9"]
[EventCountry "ENG"]
[SourceTitle "CBM 134 Extra"]
[Source "ChessBase"]
[SourceDate "2010.03.03"]
[SourceVersion "1"]
[SourceVersionDate "2010.03.03"]
[SourceQuality "1"]

1. d4 e6 2. c4 Nf6 3. Nc3 Bb4 4. f3 c5 5. d5 Nh5 6. Nh3 Qh4+ 7. Nf2 Bxc3+ 8. bxc3 Qxc4 9. e4 Qxc3+ 10. Bd2 Qd4 11. Qc1 exd5 12. Bc3 Qa4 13. Qg5 0-0 14. Qxh5 d4 15. Bd2 d6 16. Be2 Be6 17. f4 f6 18. 0-0 Nc6 19. f5 Bf7 20. Qg4 Kh8 21. Qg3 Ne5 22. Bf4 c4 23. Qh4 d3 24. Bf3 Rad8 25. Ng4 1/2-1/2

[Event "Hastings Masters op 85th"]
[Site "Hastings"]
[Date "2009.12.28"]
[Round "1"]
[White "Williams, Simon Kim"]
[Black "Addison, Bret"]
[Result "1-0"]
[WhiteElo "2550"]
[BlackElo "2258"]
[PlyCount "69"]
[EventDate "2009.12.28"]
[EventType "swiss"]
[EventRounds "9"]
[EventCountry "ENG"]
[SourceTitle "CBM 134 Extra"]
[Source "ChessBase"]
[SourceDate "2010.03.03"]
[SourceVersion "1"]
[SourceVersionDate "2010.03.03"]
[SourceQuality "1"]

1. d4 d5 2. c4 e6 3. Nc3 Nf6 4. Nf3 Be7 5. Bf4 0-0 6. a3 Nbd7 7. Nb5 Ne8 8. e3 a6 9. Nc3 c6 10. Qc2 b5 11. c5 g5 12. Bg3 f5 13. Bd3 Rf7 14. h4 g4 15. Ng5 Bxg5 16. hxg5 Qxg5 17. Ne2 Ndf6 18. Bf4 Qg7 19. f3 Raa7 20. 0-0-0 a5 21. Rh4 b4 22. a4 Rfb7 23. b3 Rf7 24. Rdh1 Ba6 25. Bxa6 Rxa6 26. Bh6 Qh8 27. Nf4 Re7 28. Bf8 Kxf8 29. Ng6+ Kg7 30. Nxh8 Kxh8 31. Rh6 Raa7 32. Qf2 Rg7 33. Qh4 Raf7 34. Qh2 Kg8 35. Qe5 1-0

[Event "GBR-ch 96th"]
[Site "Torquay"]
[Date "2009.08.05"]
[Round "9"]
[White "Surtees, Michael"]
[Black "Addison, Bret"]
[Result "0-1"]
[WhiteElo "2149"]
[BlackElo "2266"]
[PlyCount "62"]
[EventDate "2009.07.27"]
[EventType "swiss"]
[EventRounds "11"]
[EventCountry "ENG"]
[SourceTitle "CBM 131 Extra"]
[Source "ChessBase"]
[SourceDate "2009.09.03"]
[SourceVersion "2"]
[SourceVersionDate "2009.09.16"]
[SourceQuality "1"]

1. e4 e5 2. a3 Nf6 3. d3 d5 4. f4 Nc6 5. fxe5 Nxe5 6. d4 Neg4 7. exd5 Nxd5 8. Qe2+ Be7 9. h3 0-0 10. hxg4 Re8 11. Kd1 Bh4 12. Qd2 c5 13. Be2 Ne3+ 14. Qxe3 Rxe3 15. Bxe3 cxd4 16. Bd2 Bf2 17. a4 Bxg1 18. Rxg1 Qb6 19. Bb5 a6 20. Re1 Bxg4+ 21. Kc1 axb5 22. axb5 Rc8 23. Ra4 h5 24. Na3 Qf6 25. Nc4 Bd7 26. Rb4 Qg6 27. b6 Be6 28. Na3 d3 29. c3 Qxg2 30. Nb5 Ra8 31. Kb1 Qxd2 0-1

[Event "GBR-ch 96th"]
[Site "Torquay"]
[Date "2009.07.28"]
[Round "2"]
[White "Addison, Bret"]
[Black "De Coverly, Roger D"]
[Result "1/2-1/2"]
[WhiteElo "2266"]
[BlackElo "2127"]
[PlyCount "83"]
[EventDate "2009.07.27"]
[EventType "swiss"]
[EventRounds "11"]
[EventCountry "ENG"]
[SourceTitle "CBM 131 Extra"]
[Source "ChessBase"]
[SourceDate "2009.09.03"]
[SourceVersion "2"]
[SourceVersionDate "2009.09.16"]
[SourceQuality "1"]

1. d4 Nf6 2. c4 g6 3. Nc3 Bg7 4. e4 d6 5. Bd3 e5 6. d5 a5 7. Nge2 Na6 8. 0-0 0-0 9. Ng3 Nc5 10. Bc2 c6 11. Rb1 cxd5 12. cxd5 Bd7 13. a3 Ne8 14. Be3 Rc8 15. Qd2 f5 16. exf5 gxf5 17. f4 e4 18. Nge2 Nf6 19. h3 Qe8 20. Rfd1 Qg6 21. Nd4 Ne8 22. b4 axb4 23. axb4 Na6 24. Na4 Bxa4 25. Bxa4 Rf7 26. Rbc1 Ra8 27. Bxe8 Rxe8 28. Ne6 Nb8 29. Rc2 Nd7 30. Rdc1 Nf8 31. Rc8 Rfe7 32. Rxe8 Qxe8 33. Nxg7 Rxg7 34. Bd4 Re7 35. Rc3 h6 36. Rg3+ Kh7 37. Kh2 Ng6 38. Be3 Qf7 39. Qd4 Re8 40. Bd2 Rg8 41. b5 Ne7 42. Rxg8 1/2-1/2

[Event "GBR-ch 95th"]
[Site "Liverpool"]
[Date "2008.08.06"]
[Round "9"]
[White "Addison, Bret"]
[Black "Trent, Lawrence"]
[Result "1/2-1/2"]
[WhiteElo "2244"]
[BlackElo "2470"]
[PlyCount "206"]
[EventDate "2008.07.28"]
[EventType "swiss"]
[EventRounds "11"]
[EventCountry "ENG"]
[SourceTitle "CBM 125 Extra"]
[Source "ChessBase"]
[SourceDate "2008.09.01"]
[SourceVersion "1"]
[SourceVersionDate "2008.09.01"]
[SourceQuality "1"]

1. d4 Nf6 2. c4 g6 3. Nc3 Bg7 4. e4 d6 5. Bd3 0-0 6. Nge2 Nc6 7. 0-0 Nd7 8. Bc2 e5 9. d5 Nb4 10. Bb1 a5 11. Be3 Nb6 12. a3 Na6 13. b3 f5 14. exf5 gxf5 15. f4 e4 16. Ba2 Bd7 17. Rb1 Nc5 18. Nd4 c6 19. Qd2 Qf6 20. Rfc1 Nd3 21. Rc2 c5 22. Nde2 Qh4 23. Nd1 Rf6 24. Nf2 Rh6 25. h3 Rg6 26. Kf1 Nxf2 27. Bxf2 Qh6 28. Rcc1 Bc8 29. b4 axb4 30. axb4 Nd7 31. Bb3 b6 32. Rc2 cxb4 33. Ra2 Rb8 34. Qxb4 Nc5 35. Qd2 Nd3 36. Be3 Bf6 37. Bc2 Nc5 38. Ra7 Rg7 39. Rxg7+ Qxg7 40. Nd4 Bd7 41. Ra1 Nd3 42. Ra7 Bxd4 43. Rxd7 Qxd7 44. Bxd4 b5 45. Bxd3 exd3 46. Qxd3 h6 47. Kg1 b4 48. Kh2 Qf7 49. Bb2 Kh7 50. Qd4 Qe7 51. Qd2 h5 52. Qd1 Kh6 53. Qd2 b3 54. Qc3 Rg8 55. Qd2 Qe4 56. c5 dxc5 57. d6 Qe6 58. d7 Rd8 59. Qc3 Qxd7 60. Qxc5 Rg8 61. Qb6+ Kh7 62. Qxb3 Re8 63. Be5 Rc8 64. Qb6 Qf7 65. Qb1 Rg8 66. Qc2 Qg6 67. Qf2 Qc6 68. Qe2 Kh6 69. Qf2 Rg6 70. Qd2 Qe4 71. Qf2 Qd5 72. Qb2 Qc6 73. Qf2 Qe4 74. Qb2 h4 75. Qd2 Qc6 76. Qf2 Rg3 77. Qd2 Kg6 78. Qa2 Kh6 79. Qd2 Qg6 80. Qf2 Kh7 81. Qa7+ Kh6 82. Qf2 Qa6 83. Qd2 Qf1 84. Qa2 Rg6 85. Qc2 Qe1 86. Qa2 Qg3+ 87. Kh1 Rc6 88. Qd2 Rb6 89. Bb2 Qb3 90. Be5 Rc6 91. Qf2 Qd1+ 92. Kh2 Qh5 93. Qd2 Qf7 94. Qf2 Qe7 95. Qd2 Rg6 96. Qf2 Kh7 97. Qd2 Qa3 98. Qe2 Qg3+ 99. Kh1 Kh6 100. Qd2 Rb6 101. Bb2 Re6 102. Be5 Rc6 103. Bb2 Rc7 1/2-1/2

[Event "GBR-ch 95th"]
[Site "Liverpool"]
[Date "2008.08.01"]
[Round "5"]
[White "Addison, Bret"]
[Black "Flear, Glenn C"]
[Result "1/2-1/2"]
[WhiteElo "2244"]
[BlackElo "2493"]
[PlyCount "47"]
[EventDate "2008.07.28"]
[EventType "swiss"]
[EventRounds "11"]
[EventCountry "ENG"]
[SourceTitle "CBM 125 Extra"]
[Source "ChessBase"]
[SourceDate "2008.09.01"]
[SourceVersion "1"]
[SourceVersionDate "2008.09.01"]
[SourceQuality "1"]

1. d4 d5 2. c4 c6 3. Nc3 Nf6 4. cxd5 cxd5 5. f3 e6 6. e4 dxe4 7. fxe4 Bb4 8. Qd3 0-0 9. Nf3 b6 10. e5 Ba6 11. Qc2 Nd5 12. Bxa6 Nxa6 13. 0-0 Be7 14. Qe4 Rc8 15. Bd2 Nab4 16. Rac1 Kh8 17. a3 Nc6 18. Nxd5 exd5 19. Qg4 Rc7 20. b4 a6 21. Rc3 Na7 22. Rxc7 Qxc7 23. Rc1 Qb7 24. e6 1/2-1/2

[Event "Blackpool op 31st"]
[Site "Blackpool"]
[Date "2007.03.17"]
[Round "3"]
[White "Costello, Colin"]
[Black "Addison, Bret"]
[Result "0-1"]
[WhiteElo "2021"]
[BlackElo "2247"]
[PlyCount "76"]
[EventDate "2007.03.16"]
[EventType "swiss"]
[EventRounds "5"]
[EventCountry "ENG"]
[SourceTitle "CBM 117 Extra"]
[Source "ChessBase"]
[SourceDate "2007.05.09"]
[SourceVersion "1"]
[SourceVersionDate "2007.05.09"]
[SourceQuality "1"]

1. c4 g6 2. Nc3 Bg7 3. Nf3 Nf6 4. g3 0-0 5. Bg2 d6 6. 0-0 e5 7. d3 Nc6 8. Rb1 a5 9. a3 h6 10. b4 axb4 11. axb4 Be6 12. b5 Ne7 13. Bb2 Nd7 14. Nd2 Rb8 15. Ra1 g5 16. Ra7 b6 17. Nd5 Rc8 18. Qa1 f5 19. f4 Rf7 20. e4 Ng6 21. fxe5 Ndxe5 22. exf5 Rxf5 23. Be4 Rxf1+ 24. Qxf1 Kh8 25. d4 Nxc4 26. Nxc4 Ne7 27. Nxe7 Qxe7 28. d5 Bxb2 29. Nxb2 Rf8 30. Qa1 Bh3 31. Nc4+ Kg8 32. Nd2 Qf7 33. Qe1 Qg7 34. Qe3 Qb2 35. Bh7+ Kxh7 36. Rxc7+ Kg8 37. Qe1 Qxd2 38. Qa1 Qg2# 0-1

[Event "GBR-ch 93rd"]
[Site "Swansea"]
[Date "2006.08.09"]
[Round "3"]
[White "Addison, Bret"]
[Black "Cobb, James"]
[Result "0-1"]
[WhiteElo "2241"]
[BlackElo "2370"]
[PlyCount "71"]
[EventDate "2006.08.07"]
[EventType "swiss"]
[EventRounds "11"]
[EventCountry "WLS"]
[SourceTitle "CBM 113 Extra"]
[Source "ChessBase"]
[SourceDate "2006.09.14"]
[SourceVersion "1"]
[SourceVersionDate "2006.09.14"]
[SourceQuality "1"]

1. d4 Nf6 2. c4 e6 3. g3 d5 4. Bg2 c6 5. Nf3 Be7 6. 0-0 0-0 7. Qc2 Nbd7 8. Rd1 b6 9. Nc3 Bb7 10. b3 Rc8 11. e4 Ba6 12. Bb2 Qc7 13. e5 Ne8 14. cxd5 cxd5 15. Rac1 Qb7 16. h4 Nc7 17. Ng5 g6 18. Qd2 Nb5 19. Ne2 Na3 20. Nf4 Rxc1 21. Rxc1 Rc8 22. Nxd5 exd5 23. Rxc8+ Qxc8 24. Bxd5 Bb7 25. Bxf7+ Kg7 26. Be6 h6 27. Nf7 g5 28. d5 Nb1 29. Qd1 Bc5 30. Qxb1 Bxf2+ 31. Kh2 Qc5 32. Qd3 Bg1+ 33. Kh3 Qf2 34. h5 Kf8 35. Nxh6 Nc5 36. Bf7 0-1

[Event "GBR-ch 93rd"]
[Site "Swansea"]
[Date "2006.08.08"]
[Round "2"]
[White "Pym, Thomas TW"]
[Black "Addison, Bret"]
[Result "0-1"]
[WhiteElo "2114"]
[BlackElo "2241"]
[PlyCount "62"]
[EventDate "2006.08.07"]
[EventType "swiss"]
[EventRounds "11"]
[EventCountry "WLS"]
[SourceTitle "CBM 113 Extra"]
[Source "ChessBase"]
[SourceDate "2006.09.14"]
[SourceVersion "1"]
[SourceVersionDate "2006.09.14"]
[SourceQuality "1"]

1. e4 e5 2. Nf3 Nc6 3. Bb5 a6 4. Ba4 Nf6 5. d3 b5 6. Bb3 Be7 7. c3 0-0 8. 0-0 d6 9. Nbd2 Na5 10. Bc2 c5 11. Re1 Nc6 12. Nf1 Re8 13. Ng3 h6 14. h3 Bf8 15. a3 d5 16. exd5 Nxd5 17. Bb3 Nb6 18. d4 exd4 19. Rxe8 Qxe8 20. cxd4 c4 21. d5 cxb3 22. dxc6 Qxc6 23. Qxb3 Bb7 24. Nf5 Nc4 25. N3h4 Kh7 26. Qg3 g6 27. b3 Nd6 28. Nd4 Qd5 29. Bb2 Ne4 30. Qf4 Bg7 31. Ndf5 Ng5 0-1

[Event "BCF-ch"]
[Site "Edinburgh"]
[Date "2003.07.19"]
[Round "6"]
[White "Radovanovic, Jovica"]
[Black "Addison, Bret"]
[Result "0-1"]
[WhiteElo "2239"]
[BlackElo "2251"]
[PlyCount "76"]
[EventDate "2003.07.14"]
[EventType "swiss"]
[EventRounds "11"]
[EventCountry "SCO"]
[SourceTitle "CBM 095 Extra"]
[Source "ChessBase"]
[SourceDate "2003.09.04"]
[SourceVersion "1"]
[SourceVersionDate "2003.09.04"]
[SourceQuality "1"]

1. e4 e5 2. Nf3 Nc6 3. Bb5 a6 4. Ba4 Nf6 5. 0-0 Be7 6. Re1 b5 7. Bb3 0-0 8. a4 Bb7 9. d3 d6 10. c3 Na5 11. Bc2 c5 12. Nbd2 Nc6 13. Nf1 b4 14. Ng3 Bc8 15. h3 Rb8 16. d4 Qc7 17. d5 Na5 18. Nh2 c4 19. cxb4 Rxb4 20. Ra3 Bd7 21. Nh5 Nxh5 22. Qxh5 Nb3 23. Bxb3 Rxb3 24. Re3 Rfb8 25. Nf1 Rxa3 26. Rxa3 Rb3 27. Ra2 g6 28. Qd1 f5 29. Nd2 Rd3 30. f3 Qc5+ 31. Kh2 Bg5 32. Ra3 Bf4+ 33. Kh1 fxe4 34. fxe4 Qd4 35. Rxd3 Qxd3 36. a5 Bxh3 37. gxh3 Qxh3+ 38. Kg1 Be3# 0-1

[Event "BCF-ch"]
[Site "Edinburgh"]
[Date "2003.07.17"]
[Round "4"]
[White "Grant, Jonathan"]
[Black "Addison, Bret"]
[Result "1/2-1/2"]
[WhiteElo "2271"]
[BlackElo "2251"]
[PlyCount "82"]
[EventDate "2003.07.14"]
[EventType "swiss"]
[EventRounds "11"]
[EventCountry "SCO"]
[SourceTitle "CBM 095 Extra"]
[Source "ChessBase"]
[SourceDate "2003.09.04"]
[SourceVersion "1"]
[SourceVersionDate "2003.09.04"]
[SourceQuality "1"]

1. c4 c5 2. Nc3 Nc6 3. g3 g6 4. Bg2 Bg7 5. e4 d6 6. Nge2 h5 7. h4 e5 8. d3 Be6 9. Nd5 a6 10. a4 a5 11. Qb3 Nb4 12. Bg5 f6 13. Bd2 Ne7 14. f4 Nexd5 15. cxd5 Bg4 16. Ng1 Qb6 17. Nh3 0-0 18. Nf2 f5 19. Nxg4 fxg4 20. Ke2 Rf7 21. Raf1 Raf8 22. Rf2 exf4 23. gxf4 Be5 24. f5 Bg3 25. Rff1 gxf5 26. exf5 Rxf5 27. Rxf5 Rxf5 28. Be3 Qc7 29. Be4 Re5 30. Qc4 Qg7 31. Qb5 Re7 32. Rf1 Qxb2+ 33. Bd2 Qd4 34. Be3 Qb2+ 35. Bd2 Qd4 36. Be3 Qb2+ 37. Bd2 Qe5 38. Qb6 Nxd5 39. Qd8+ Re8 40. Qd7 Re7 41. Qd8+ Re8 1/2-1/2

[Event "BCF-ch"]
[Site "Edinburgh"]
[Date "2003.07.16"]
[Round "3"]
[White "Addison, Bret"]
[Black "McNab, Colin Anderson"]
[Result "0-1"]
[WhiteElo "2251"]
[BlackElo "2395"]
[PlyCount "68"]
[EventDate "2003.07.14"]
[EventType "swiss"]
[EventRounds "11"]
[EventCountry "SCO"]
[SourceTitle "CBM 095 Extra"]
[Source "ChessBase"]
[SourceDate "2003.09.04"]
[SourceVersion "1"]
[SourceVersionDate "2003.09.04"]
[SourceQuality "1"]

1. d4 d6 2. e4 g6 3. c4 Nd7 4. Nc3 e5 5. d5 a5 6. Be3 h5 7. Bd3 Bh6 8. Bxh6 Nxh6 9. Nge2 Nc5 10. Bc2 Qg5 11. 0-0 Bh3 12. Ng3 Bd7 13. Qc1 Qh4 14. f3 f5 15. exf5 gxf5 16. Nb5 0-0-0 17. b3 f4 18. Ne4 Ng4 19. fxg4 hxg4 20. Qd2 Qxh2+ 21. Kf2 f3 22. Nxc5 dxc5 23. Be4 Qxg2+ 24. Ke3 Qg3 25. Rf2 Bxb5 26. cxb5 Kb8 27. Kd3 Rdf8 28. Raf1 Rf4 29. Qe3 Qh4 30. Kc3 Qe7 31. Rg1 c4 32. Kxc4 Qb4+ 33. Kd3 Qxb5+ 34. Kc2 Rxe4 0-1

[Event "BCF-ch"]
[Site "Edinburgh"]
[Date "2003.07.14"]
[Round "1"]
[White "Addison, Bret"]
[Black "Mitchell, Martin"]
[Result "1/2-1/2"]
[WhiteElo "2251"]
[BlackElo "2132"]
[PlyCount "108"]
[EventDate "2003.07.14"]
[EventType "swiss"]
[EventRounds "11"]
[EventCountry "SCO"]
[SourceTitle "CBM 095 Extra"]
[Source "ChessBase"]
[SourceDate "2003.09.04"]
[SourceVersion "1"]
[SourceVersionDate "2003.09.04"]
[SourceQuality "1"]

1. d4 Nf6 2. c4 g6 3. Nc3 Bg7 4. e4 d6 5. Bd3 0-0 6. Nge2 e5 7. d5 Nh5 8. 0-0 f5 9. exf5 gxf5 10. f4 Nd7 11. Be3 exf4 12. Nxf4 Nxf4 13. Bxf4 Ne5 14. Qd2 Bd7 15. Rac1 Qf6 16. Bg5 Qg6 17. Be2 Rf7 18. b3 Raf8 19. Bf4 Ng4 20. a4 Nf6 21. Be3 Re8 22. a5 a6 23. Bf3 Ne4 24. Bxe4 fxe4 25. Rxf7 Qxf7 26. Rf1 Qg6 27. Ne2 Be5 28. Nf4 Bxf4 29. Rxf4 Rf8 30. Rxf8+ Kxf8 31. Qd4 Bh3 32. Qd2 Ke8 33. Bg5 Bf5 34. Qf4 Qf7 35. Kf2 Bg6 36. Ke3 Qxf4+ 37. Kxf4 c6 38. b4 cxd5 39. cxd5 Kf7 40. g4 h5 41. gxh5 Bxh5 42. Kxe4 Bd1 43. h4 Be2 44. Bf4 Ke7 45. Bg5+ Kf7 46. Bd8 Bd1 47. Bc7 Ke7 48. Kf4 Bb3 49. h5 Bxd5 50. h6 Kf7 51. Bxd6 Kg6 52. Ke5 Bh1 53. Bf8 Kh7 54. Bd6 Bg2 1/2-1/2